Manon B- Tiakola - Statistiques

Statistiques générales
  • Ce quiz a été pris 134 fois
  • Le résultat moyen est 272 sur 437
Statistiques - réponses
Réponse % Correct
à
98%
a
98%
l'
97%
t'
97%
s'
95%
d'
94%
m'
94%
fait
92%
la
91%
j'
90%
ma
90%
Manon
88%
manon
88%
fashion
87%
Fashion
87%
c'
86%
place
86%
qu'
86%
street
86%
Bresch
85%
pour
85%
faites
84%
photo
82%
le
81%
de
80%
ça
79%
qui
79%
presse
78%
que
78%
te
77%
fois
76%
honneur
76%
canon
75%
fais
75%
les
75%
trois
75%
fache
74%
poser
73%
question
73%
penser
72%
vais
72%
doigt
71%
faut
71%
didi
70%
tu
70%
on
69%
parlons
69%
stone
69%
french
68%
français
67%
porté
66%
elle
65%
en
65%
mon
65%
il
63%
obstacles
63%
tout
63%
un
63%
as
62%
monde
62%
nous
62%
sache
62%
habits
61%
et
60%
est
59%
rever
59%
moi
58%
aujourd'hui
57%
une
56%
brest
55%
pas
55%
encaisse
54%
fucking
54%
paris
54%
face
53%
gout
53%
qu'on
53%
ta
53%
juste
52%
observe
52%
faudrait
51%
relation
51%
non
49%
détaché
48%
detaché
48%
etre
48%
être
48%
franchis
48%
lache
48%
ton
48%
rodave
47%
ai
46%
avoir
46%
des
45%
porter
45%
rend
44%
temps
44%
prada
42%
je
41%
aime
39%
longue
38%
parti
38%
connais
36%
millions
36%
sexy
36%
bonne
35%
comme
35%
football
34%
LV
34%
Rolling
34%
si
32%
chérie
31%
full
30%
prends
30%
time
30%
ba
29%
sacs
29%
weston
29%
bitchies
28%
degaine
28%
fèche
28%
seulement
28%
sont
28%
diva
27%
savais
27%
Stones
27%
devenus
26%
dire
26%
quand
26%
voir
26%
eux
25%
Guinée
25%
histoire
25%
ceux
24%
faire
24%
hotel
24%
milieu
24%
peux
24%
Conakry
23%
méchants
23%
notres
23%
remonte
23%
rien
23%
étonnes
22%
mignons
22%
papa
22%
rendez-vous
22%
teille
22%
fierté
21%
Hilton
21%
directement
20%
écris
20%
Putarina
20%
putarina
20%
yeah
20%
aie
19%
bas
19%
dégats
19%
font
19%
viennent
19%
shooters
18%
ah
16%
mannequin
16%
sais
16%
trainé
16%
vay
15%
eh
14%
finir
13%
nuit
13%
taille
13%
date
12%
grades
6%
peur
5%
Aucun quiz correspondant
Distribution des résultats
% des personnes avec chaque résultat
Percentile par nombre de réponses
Votre historique - résultats
Vous n’avez pas pris ce quiz